000
002340000a22000970004500
100
1
_a
Liggins, Stephen
245
1
0
_a
Aborigenes and the church
300
_a
Núm 66 (1994), Páginas 22-23
773
0
_t
World Evangelization
942
_c
ANA
999
_c
57767
_d
57767